| 000 | 00382nam a2200109Ia 4500 | ||
|---|---|---|---|
| 008 | 160909s9999 xx 000 0 und d | ||
| 100 | _aVisse, Kim. | ||
| 245 | _aClosing the gap: Impact of instruction on students not ready for kindergarten | ||
| 260 |
_bNorthern Kentucky University _c2016 |
||
| 650 | _aEDUC/SPED | ||
| 856 | _uhttp://pqdtopen.proquest.com/doc/1808832297.html?FMT=ABS | ||
| 999 |
_c305009 _d305009 |
||